000 00786cam a22002657a 4500
003 CHAP
005 20220329134157.0
008 971013s1969 r 00010 d
010 _a16582
011 _a17554
035 _a21637
040 _cCHAP
082 _a333.72
_bJ32
100 0 0 _aJackson, Nora.
_960824
245 1 2 _aA dictionary of natural resources and their principal uses
260 _aOxford :
_bPergamon,
_c1969
300 _a151 p.
_b: ilus. ; láms
590 _aBATCH-UPD
_b10
_c20130110
_lUCH01
_h2142
590 _aCONVERSION
_b10
_c20130109
_lUCH01
_h1310
650 1 4 _aRecursos naturales
_xDiccionarios.
_995275
700 0 _aPenn, Philip.
_986690
901 _aBK
942 _cLIBRO
949 _a333.72 J32
_bBC
_cC
_d33724000532503
_eC
_h28992
_i21637
_mD
_si
_t44.00
999 _c16582
_d16582